000 01451nab a2200277 a 4500
005 20250619063855.0
008 991125c2014 mx tr p o 000 0 spa d
035 _aUPN01000209664
040 _aMX-MxUPN
_bspa
_cMX-MxUPN
_eaacr2
049 _aART-E
100 1 _aGonzález Abrisketa, Olatz
100 1 _uolatz.gonzalez@gmail.com
245 1 0 _aRecrear la realidad: la irrupción del cine etnográfico en la academia
506 0 _aAcceso abierto
520 3 _aEste artículo plantea la irrupción del cine etnográfico en la academia como un revulsivo epistemológico para la antropología e intenta identificar las resistencias a una realización cinematográfica de calidad encuadrada en esta disciplina. Apoyándose en la duración bergsoniana, defiende que el cine etnográfico debe anteponer lo específico de la creación cinematográfica a toda pretensión pedagógica o demostrativa. En definitiva, considera que debe anteponer la realidad a la búsqueda de sentido.
650 2 _aAntropología
_94499
650 2 _aRealidad
_97272
650 4 _aSentidos y sensaciones
_96763
653 0 _aCine etnográfico
773 _gVol. 11, no. 26 (2014), p. 353-375
_tAndamios : revista de investigación social
_x2594-1917
856 4 _uhttps://andamios.uacm.edu.mx/index.php/andamios/article/view/208
856 4 _uhttps://doi.org/10.29092/uacm.v11i26.208
902 _aGloria Jiménez/180625
905 _aArticulo
942 _cART-E
999 _c181765
_d181765